| 000 | 00360 a2200157 4500 | ||
|---|---|---|---|
| 999 |
_c299080 _d299080 |
||
| 001 | 64007 | ||
| 003 | NUST | ||
| 005 | 20180119090819.0 | ||
| 008 | 180119b xxu||||| |||| 00| 0 eng d | ||
| 082 | _a620.103 BED | ||
| 100 |
_aBedford Anthony _99026 |
||
| 245 |
_aDynamics _hEnglish |
||
| 250 | _b1 | ||
| 260 |
_aUSA _bAddison wesley _c1994 |
||
| 300 | _a551p | ||
| 500 | _aAerospace Reference Books | ||
| 505 | _aNUST Books | ||
| 942 |
_aCAENUST _cBK _k620.103 BED _2ddc |
||